000 00474nmm a2200157Ia 4500
008 251105s9999||||xx |||||||||||||||||und||
020 _a9788492980178
041 _aspa
100 _aRequena Peláez, José Miguel (coord.)
245 0 _aCocina mediterranea - incluye contenido multimedia
264 _a[Madrid, España] :
_bICB Editores,
_c2010
300 _a561 páginas
650 _aCooking
856 _uhttps://public.digitaliapublishing.com/a/109321
942 _cCF
999 _c89110
_d89110